000
00310nam a2200121Ia 4500
008
190216s9999||||xx |||||||||||||| ||und||
100
_a
Wiliam Lee Stokes
245
0
_a
Essentials Of Earth History
260
_b
Prentice Hall Of India Pvt Ltd
_c
1965
300
_a
492p
650
_a
Earth History
942
_c
REF
999
_c
35130
_d
35130